| 000 | 00868nas a2200289 4500 | ||
|---|---|---|---|
| 001 | BR9705035 | ||
| 003 | BR-BrBNA | ||
| 005 | 20231205100604.0 | ||
| 007 | ta | ||
| 008 | 230509b bl.|||p| |||| 00| 00por d | ||
| 040 |
_aBR-BrBNA _bpor _cBiblioteca Nacional de Agricultura |
||
| 041 | _a(Pt) | ||
| 072 | _aL70 | ||
| 100 | 1 | _aFacury Neto, M.A. | |
| 100 | 1 | _aEurides, D. | |
| 100 | 1 | _aFioravanti, M.C.S. | |
| 100 | 1 | _aMazzanti, A. | |
| 100 | 1 | _aSilva, L.A.F. da | |
| 100 | 1 | _aTrancoso Neto, N.S. | |
| 100 | 1 | _aSilva, F.O.C. e | |
| 245 | 1 | _aEmprego da anastomose de roux em "Y" no tratamento alternativo das sindromes pos-gastrectomias | |
| 650 | _aAnastomose | ||
| 650 | _aSindrome | ||
| 773 | 0 |
_tVeterinaria Noticias (Brazil) _xISSN 0104-3463 _g(1997), v. 3(1) p. 169-173 _wBR9705035 |
|
| 909 |
_a202311 _bLúcia _c55 _dLúcia Elande |
||
| 942 |
_2AGRIS _n0 _cANA |
||
| 999 |
_c156865 _d156865 |
||